ბათუმის შოთა რუსთაველის სახელმწიფო უნივერსიტეტის ბიბლიოთეკა

დეკორატიულად მოყვავილე ბალახოვანი მცენარეები / (ბიბ.ჩანაწერი № 37483)

000 -ლიდერი
ფიქსირებული სიგრძის საკონტროლო ველი 00917nam a2200217Ia 4500
001 - საკონტროლო ნომერი
საკონტროლო ველი 3445
003 - საკონტროლო ნომრის იდენტიფიკატორი
საკონტროლო ველი GE_BSU
005 - ბოლო ოპერაციის თარიღი და დრო
საკონტროლო ველი 20190618142954.0
008 - ფიქსირებული სიგრძის მონაცემთა ელემენტები - ზოგადი ინფორმაცია
ფიქსირებული სიგრძის საკონტროლო ველი 181216s1985||||ge |||||||||||||| ||geo||
040 ## - კატალოგიზაციის წყარო
Transcribing agency GE_BSU
041 ## - ენის კოდი
Language code of text/sound track or separate title geo
080 ## - უნივერსალური ათობითი კლასიფიკაციის ინდექსი
Universal Decimal Classification number 635.9 გ–12
100 ## - მთავარი ჩანაწერი - პიროვნების სახელი
Personal name გაბრიჩიძე, გიორგი
9 (RLIN) 2536
245 ## - ცნობა სათაურის შესახებ
Title დეკორატიულად მოყვავილე ბალახოვანი მცენარეები /
Statement of responsibility, etc გიორგი გაბრიჩიძე ; რედ. ვ. პაპუნიძე.
264 ## - წარმოების, გამოცემის, დისტრიბუციის და სხვა ცნობები
გამოცემის, წარმოების, დისტრიბუციის... ადგილი ბათუმი :
გამოცემის, წარმოების, დისტრიბუციის... სახელწოდება საბჭ. აჭარა,
გამოცემის, წარმოების, დისტრიბუციის... თარიღი 1985.
300 ## - ფიზიკური აღწერა
Extent 100 გვ. ;
Other physical details 20 სმ.
653 ## - INDEX TERM--UNCONTROLLED
Uncontrolled term მებოსტნეობა
653 ## - INDEX TERM--UNCONTROLLED
Uncontrolled term დეკორატიული მეყვავილეობა
700 ## - ADDED ENTRY--PERSONAL NAME
Personal name პაპუნიძე, ვ.
Relator term რედაქტორი
9 (RLIN) 2537
942 ## - ADDED ENTRY ELEMENTS (KOHA)
Koha item type წიგნი
Source of classification or shelving scheme
ეგზემპლარები
ჩამოწერის სტატუსი დაკარგული ეგზემპლარის სტატუსი კლასიფიკაციის წყარო ან თაროზე გაწყობის სქემა დაზიანების სტატუსი არ გაიცემა მუდმივი მდებარეობა (დაცვის ადგილი) ამჟამინდელი ადგილსამყოფელი თაროზე განთავსების ადგილი შეძენის თარიღი სრული შენახვის შიფრი შტრიხკოდი ბოლო ოპერაციის თარიღი ეგზემპლარის მიმდევრობითი ნომერი (კეტერი?) ფასის ძალაში შესვლის თარიღი ეგზემპლარის სახეობა საჯარო შენიშვნა
          ბათუმის შოთა რუსთაველის სახელმწიფო უნივერსიტეტის მთავარი ბიბლიოთეკა ბათუმის შოთა რუსთაველის სახელმწიფო უნივერსიტეტის მთავარი ბიბლიოთეკა წიგნსაცავი 2018-12-17 635.9 გ–12 4957 2018-12-17 4957 2018-12-17 წიგნი